Общая психология (Запис № 463378)
[ простий вигляд ]
| 000 -Лідер | |
|---|---|
| fixed length control field | 00780nam a22002657c 4500 |
| 001 - Контрольний номер | |
| control field | 216219262 |
| 003 - Ідентифікатор контрольного номера | |
| control field | UA-OsUOA |
| 005 - Дата та час останнього входження (трансакції) | |
| control field | 20200918115101.0 |
| 007 - Фіксоване поле фізичного опису | |
| fixed length control field | cr aa aaaaacaa |
| 008 - Елементи даних фіксованої довжини – загальна інформація | |
| fixed length control field | 200918b un ||||| |||| 00| 0 ukr d |
| 020 ## - Міжнародний стандартний книжковий номер (ISBN) | |
| Міжнародний стандартний книжковий номер (ISBN) (НП) | 9785496003148 |
| 040 ## - Джерело каталогізації | |
| Агенція оригінальної каталогізації | UA-OsUOA |
| Мова каталогізації | ukr |
| Агенція, яка здійснювала перезапис | UA-OsUOA |
| Агенція, яка здійснювала модифікацію | UA-OsUOA |
| 041 ## - Код мови | |
| Код мови тексту/ звукової доріжки чи окремого заголовка (П) | rus |
| 080 ## - Індекс Універсальної десяткової класифікації | |
| Індекс Універсальної десяткової класифікації (УДК) (НП) | 159.9(075) |
| 090 ## - Локальний шифр розміщення | |
| Класифікаційний індекс УДК | 159.9(075) |
| Авторський знак (НП) | М15 |
| 100 ## - Основне введення – ім’я особи | |
| Ім’я особи (НП) | Маклаков А. Г. |
| 245 ## - Відомості про назву | |
| Назва (НП) | Общая психология |
| Решта назви (НП) | учебник для вузов |
| Дані про відповідальність (НП) | А. Г. Маклаков |
| 260 ## - Публікація, розповсюдження і т.п. (Вихідні дані) | |
| Місце публікації, розповсюдження і т.п. (П) | СПб. |
| Ім’я/ наймення видавництва, розповсюджувача і т.п. (П) | Питер |
| Дата публікації, розповсюдження і т.п. (П) | 2016 |
| 300 ## - Фізичний опис | |
| Обсяг | 583 с. |
| 490 ## - Область серії | |
| Назва серії | Учебник для вузов |
| 650 ## - Додаткове предметне введення – тематичний термін | |
| Джерело заголовка чи терміна | UDC |
| 856 40 - Електронне місцезнаходження та доступ | |
| Уніфікований ідентифікатор ресурсу (П) | https://bookap.info/genpsy/maklakov_obshchaya_psihologiya/bypage/#o |
| 942 ## - Додаткові елементи входу (Коха) | |
| Source of classification or shelving scheme | Universal Decimal Classification |
| Тип елемента Koha | ЕКнига |
| 955 ## - Код типу видання за змістом | |
| Код типу видання за змістом (НП) | Навчальні видання |
Немає доступних примірників.